Je suis comme toi - Barbie cœur de princesse Paroles - Statistiques

Statistiques générales
  • Ce quiz a été pris 151 fois
  • Le résultat moyen est 165 sur 278
Statistiques - réponses
% Correct
je
97%
comme
95%
suis
95%
moi
94%
toi
94%
toi !
94%
tu
94%
es
93%
on
91%
se
91%
et
86%
le
78%
ressemble
78%
à
74%
ma
71%
71%
de
69%
ça
67%
un
67%
la
65%
me
64%
oui ?
64%
oui
64%
une
63%
fille
60%
les
59%
bien
58%
mon
57%
pas
57%
car
56%
des
56%
est
55%
ne
55%
pour
55%
Pour
55%
que
54%
c'est
53%
Si
53%
déjeuner
52%
veux
52%
au
51%
rêve
50%
madame
49%
ah
48%
clochette
48%
du
48%
fais
48%
m'en
47%
oeufs
47%
fait
46%
même
46%
vois
46%
changer
45%
délices
45%
dois
45%
doré
45%
faire
45%
fera
45%
lit
45%
payer
45%
sur
45%
Carpe
44%
chaud
44%
dis
44%
plateau
44%
sonner
44%
voilà
44%
côté !
43%
elle
43%
parfois
43%
service
43%
aller
42%
n'est
42%
qui
42%
vais
42%
voit
42%
chercher
41%
joli
41%
lire
41%
livres
41%
manger
41%
sciences
41%
alors
40%
ailleurs
39%
chante
39%
dont
39%
grange
39%
j'ai
39%
naturelles
39%
porte
39%
temps
39%
gelée
38%
matinée
38%
reste
38%
aider
37%
coeur
37%
grand
37%
serait
37%
d'arriver
36%
devient
36%
en
36%
l'omelette
36%
pensais
36%
vrai
36%
bat
35%
jour
35%
mieux
35%
réfléchir
35%
rencontré
35%
roi
35%
crois
34%
ménestrel
33%
voudrais
32%
grâce
31%
t'ai
31%
évidence
30%
quand
29%
l'fera
28%
robe
27%
vie
27%
doit
26%
soudain
26%
beau
24%
rêver
24%
dira
23%
puis
23%
danser
22%
voix
21%
c'qu'on
20%
dessous
20%
dessus
20%
couds
19%
sans
19%
tissu
19%
dentelle
18%
toujours
18%
D'abord
16%
elles
16%
j'm'aperçois
16%
choisis
15%
dentelles
15%
divine
15%
j'aime
15%
modèle
15%
rappellent
15%
épingle
13%
j'imagine
13%
m'ennuyer !
13%
quelqu'un
13%
j'y
11%
qu'ce
10%
Aucun quiz correspondant
Distribution des résultats
% des personnes avec chaque résultat
Percentile par nombre de réponses
Votre historique - résultats
Vous n’avez pas pris ce quiz